| 000 | 01082cam a2200277 a 4500 | ||
|---|---|---|---|
| 001 | 13735144 | ||
| 005 | 20250128103311.0 | ||
| 008 | 040929s2006 nyuak 001 0 eng | ||
| 020 | _a007297611X (alk. paper) | ||
| 050 | 0 | 0 |
_aKF889 _b.B28 2006 |
| 082 | 0 | 0 |
_a346.7307 _222 |
| 100 | 1 | _aBarnes, A. James. | |
| 245 | 1 | 0 |
_aLaw for business / _cA. James Barnes, Terry Morehead Dworkin, Eric L. Richards. |
| 250 | _a9th ed. | ||
| 260 |
_aNew York, NY : _bMcGraw-Hill/Irwin, _cc2006. |
||
| 300 |
_axxxiii, 1006 p. : _bill., forms ; _c26 cm. |
||
| 500 | _aIncludes index. | ||
| 650 | 0 |
_aCommercial law _zUnited States. |
|
| 650 | 0 |
_aTrade regulation _zUnited States. |
|
| 700 | 1 | _aDworkin, Terry Morehead. | |
| 700 | 1 | _aRichards, Eric L. | |
| 856 | 4 | 1 |
_3Table of contents only _uhttp://www.loc.gov/catdir/enhancements/fy0618/2004059722-t.html |
| 856 | 4 | 2 |
_3Publisher description _uhttp://www.loc.gov/catdir/enhancements/fy0632/2004059722-d.html |
| 856 | 4 | 2 |
_3Contributor biographical information _uhttp://www.loc.gov/catdir/enhancements/fy0737/2004059722-b.html |
| 942 |
_2lcc _cBK _n0 |
||
| 999 |
_c3138 _d3138 |
||